[Event "Modbury Championship"]
[Site "Modbury"]
[Date "2007.05.18"]
[Round "2.2"]
[White "Staak, Eric"]
[Black "Wynne, David"]
[Result "1-0"]
[Annotator "Fritz 10"]
[BlackElo "1444"]
[EventCountry "AUS"]
[EventDate "2007.06.02"]
[EventRounds "9"]
[EventType "swiss"]
[PlyCount "61"]
[WhiteElo "1461"]

{ B11: Caro-Kann: Two Knights Variation } 1. e4 c6 2. Nf3 d5 3. Nc3 dxe4 4. Nxe4
Bf5 5. Ng3 Bg6 6. h4 h6 7. Ne5 Bh7 8. Qh5 g6 9. Bc4 e6 10. Qe2 Bg7 ( 10... Nd7
11. Nxf7 { 1-0 Berry,F-Xu Yuanyuan  ( 2347 ) /Dos Hermanas 2004/CBM 099 ext} 
)11. Nxf7 Qe7 ( 11... Nf6 12. Nxd8 { 1-0 Giroyan,G-Lamard,G/Aix les Bains
2006/CBM 112 ext}  )12. Nxh8 Bxh8 13. Bxe6 $146 ( 13. Qxe6 Qxe6+ 14. Bxe6 Ne7
15. O-O Na6 16. Re1 Nb4 17. Re2 Nxc2 18. Rb1 Nd4 19. Re3 g5 20. d3 Nc2 21. Rf3
Nd4 22. Re3 Nc2 23. Rf3 Ne1 24. Re3 Nxd3 25. Bf5 gxh4 26. Bxh7 hxg3 27. Bxd3
gxf2+ { Prosch,J  ( 1003 ) -Penne,B  ( 1226 ) /Willingen 2003/CBM 094 ext/1-0 
( 52 )}  )( 13. c3 $142 { seems even better}  13... e5 $18 )13... Nf6 ( 13...
Nd7 { doesn't get the cat off the tree}  14. Bh3 $18 )14. Bc8 ( 14. d4 { and
White can already relax}  14... Bg7 15. Bc8 a5 $18 )14... Nbd7 ( 14... a5 {
does not improve anything}  15. Qxe7+ Kxe7 16. d4 $18 )15. Bxb7 Rd8 ( 15... Rb8
{ is no salvation}  16. Bxc6 Rb6 17. Qxe7+ Kxe7 18. Bf3 $18 )16. Bxc6 Kf8 (
16... Rc8 { doesn't change anything anymore}  17. Ba4 $18 )17. Qxe7+ ( 17. d4 {
seems even better}  17... Bg7 18. Qxe7+ Kxe7 $18 )17... Kxe7 18. Bxd7 ( 18. d4
$5 { makes it even easier for White}  18... Rc8 19. Ba4 Rc4 $18 )18... Rxd7 (
18... Kxd7 { hardly improves anything}  19. f3 $18 )19. c3 Nd5 ( 19... a6 { is
not the saving move}  20. d4 Bg7 21. f3 $18 )20. d4 Rb7 21. O-O Bf6 22. Re1+
Kf7 ( 22... Kd8 { doesn't change the outcome of the game}  23. Ne4 Bxh4 24. Re2
$18 )23. Ne4 Be7 24. g3 ( 24. Bxh6 $142 { keeps an even firmer grip}  24... Bg8
25. Re2 Rd7 $18 )24... Rb8 ( 24... g5 { there is nothing else anyway}  25. hxg5
hxg5 $18 )25. Bxh6 Rxb2 26. Ng5+ Bxg5 27. Bxg5 Rc2 28. Re5 ( 28. Rab1 Rxc3 29.
Rb7+ Rc7 30. Rxc7+ Nxc7 31. Re7+ Kf8 32. Rxc7 Bg8 33. Bh6+ Ke8 34. Rc8+ Ke7 35.
Bg5+ Ke6 36. Rxg8 Kf7 $18 )28... Nf6 29. Rae1 ( 29. Rb1 $142 { might be the
shorter path}  29... Ng8 30. Rb7+ Kf8 31. Rxh7 $18 )29... Ng4 30. Re7+ Kg8 31.
Re8+ ( 31. Re8+ Kf7 32. R1e7# ) 1-0

[Event "Modbury Championship"]
[Site "Modbury"]
[Date "2007.05.18"]
[Round "2.4"]
[White "McPherson, Erick"]
[Black "Watters, Daniel"]
[Result "1-0"]
[Annotator "Fritz 10"]
[BlackElo "1340"]
[EventCountry "AUS"]
[EventDate "2007.06.02"]
[EventRounds "9"]
[EventType "swiss"]
[PlyCount "49"]
[WhiteElo "1397"]

{ B08: Pirc Defence: Classical System } 1. e4 d6 2. d4 Nf6 3. Bd3 g6 4. Nf3 Bg7
5. Nc3 O-O 6. h3 Nbd7 7. Be3 ( 7. Qe2 e5 8. dxe5 dxe5 9. O-O c6 10. a4 b6 11.
Rd1 Qe7 12. b3 Nc5 13. Ba3 Nh5 14. Bc4 Nf4 15. Qd2 Qf6 16. Bxc5 bxc5 17. Qd6
Nxh3+ 18. gxh3 Qxf3 19. Rd3 Qh5 20. Kg2 Kh8 21. Rh1 f5 { Lutskan,I  ( 2330 )
-Vitolinsh,A  ( 2435 ) /Riga 1993/CBM 035 ext/1-0  ( 35 )}  )( 7. O-O e5 8.
dxe5 dxe5 9. Bg5 c6 10. Be3 Qe7 11. a3 Nc5 12. b4 Nxd3 13. Qxd3 Rd8 14. Qe2 Nh5
15. Rad1 Be6 16. Rd2 Rxd2 17. Bxd2 f5 18. exf5 Bxf5 19. g4 Bxc2 20. gxh5 Bf5
21. Kg2 e4 { Ferreira,T  ( 1926 ) -Bonfim,H  ( 1843 ) /Vitoria 2006/CBM 114
ext/0-1  ( 40 )}  )7... c5 $146 { Black has a cramped position. Black's piece
can't move: c8}  ( 7... e5 8. Qd2 ( 8. dxe5 dxe5 ( 8... Nxe5 9. Nxe5 dxe5 10.
O-O Nd7 11. Qd2 c6 12. Bh6 Qe7 13. Bxg7 Kxg7 14. f4 exf4 15. Qxf4 Qe5 16. Qxe5+
Nxe5 17. Rad1 Be6 18. Rd2 Rad8 19. Rfd1 Rd7 20. b3 Rfd8 21. Na4 Rd6 22. Nc5 Bc8
23. Na4 { Muzdalo,D-Schumacher,D/Fredeburg 1994/Juniors/0-1  ( 51 )}  ) 9. Qd2
c6 10. O-O Qe7 11. Bh6 Rd8 12. Bxg7 Kxg7 13. Rad1 b5 14. a3 a5 15. Qg5 h6 16.
Qe3 Nh5 17. Ne2 Nc5 18. Nh2 g5 19. Qf3 Nf4 20. Nxf4 gxf4 21. Kh1 Kh7 22. Qh5
Rg8 { Reppen,E  ( 1850 ) -Alimova,M  ( 2053 ) /Instanbul 2005/CBM 109
ext/1/2-1/2  ( 60 )}  )8... exd4 9. Nxd4 Nc5 10. O-O Nxd3 11. cxd3 Re8 12. f4
c5 13. Nf3 b6 14. d4 Nxe4 15. Nxe4 Rxe4 16. dxc5 bxc5 17. Bxc5 Ba6 18. Rfd1 Be2
19. Ng5 Re8 20. Qd5 Qf6 21. Ne4 Qxf4 22. Nxd6 { Saha,J-Felecan,F/Duisburg
1992/TD/0-1}  )8. Qd2 cxd4 9. Bxd4 Nc5 10. O-O b6 { Consolidates c5}  11. e5 (
11. Rfe1 $5 $11)11... dxe5 $15 12. Bxc5 bxc5 13. Nxe5 { Black has the pair of
bishops}  13... Bb7 { Black has a cramped position}  14. Rad1 Qc8 ( 14... Qc7
15. Qe3 $15 )15. Bc4 { The bishop feels good on c4}  15... Qf5 ( 15... Qc7 $5
16. Qe3 e6 $11 )16. Rfe1 $14 Ne4 { Black threatens to win material: Ne4xd2} 
17. Nxe4 Bxe5 ( 17... Qxe5 $5 18. Ng5 Qf6 $16 )18. Nxc5 $16 Bf4 $4 { another
step towards the grave}  ( 18... Bc6 $142 19. Nd3 Bd6 $16 )19. Qc3 $18 Bc6 (
19... Rab8 { cannot change destiny}  20. Rd7 Bc6 21. Ne6 $18 )20. Ne6 $1 {
Decoy: f7}  20... f6 ( 20... fxe6 21. Rxe6 { Double attack}  ( 21. Bxe6+ {
Decoy} ))( 20... -- 21. Qg7# { Mate threat}  )21. Nd4+ Qd5 22. Nxc6 Qf7 23.
Rxe7 Be5 24. Bxf7+ Rxf7 ( 24... Kh8 { does not help much}  25. Nxe5 Rab8 26.
Nxg6+ Kg7 27. Nxf8 Rxf8 28. Rd6 Rxf7 29. Qxf6+ Kg8 30. Qxf7+ Kh8 31. Qxh7# )25.
Qc4 ( 25. Qc4 Bh2+ 26. Kxh2 Rf8 27. Rd8 Kg7 28. Rxf8 h5 29. Rexf7+ Kh6 30. Qf4+
g5 31. Qxf6# ) 1-0

[Event "Modbury Championship"]
[Site "Modbury"]
[Date "2007.05.18"]
[Round "2.5"]
[White "Hill, Victor"]
[Black "Chilman, Alan"]
[Result "0-1"]
[Annotator "Fritz 10"]
[BlackElo "1792"]
[EventCountry "AUS"]
[EventDate "2007.06.02"]
[EventRounds "9"]
[EventType "swiss"]
[PlyCount "102"]
[WhiteElo "1216"]

{ B10: Caro-Kann: 2 d3 and 2 c4 } 1. e4 c6 2. Bc4 e6 3. Nf3 d5 4. exd5 $146 ( 4.
Be2 dxe4 5. Ne5 Qf6 6. d4 exd3 7. Nxd3 Bd6 8. Nc3 Qf5 9. Bg4 Qg6 10. O-O Nf6
11. Bf3 O-O 12. Bf4 Rd8 13. Re1 Qf5 14. Qd2 Bxf4 15. Qxf4 Qxf4 16. Nxf4 e5 17.
Rxe5 Rd2 18. Re2 Rxe2 { Hielscher,J  ( 764 ) -Loesch,C  ( 834 )
/Diettrichshuette 2005/CBM 110 ext/1/2-1/2}  )4... cxd5 5. Bb3 Nc6 6. O-O Nf6
7. d4 h6 { Prevents intrusion on g5}  ( 7... Bd6 8. Bg5 $11 )8. Be3 Bd6 9. Nbd2
b6 10. c3 { Covers b4}  10... O-O 11. Bc2 Qc7 12. Re1 Ng4 { Black threatens to
win material: Ng4xh2}  13. Nf1 Na5 ( 13... Ba6 14. h3 Nf6 15. Qc1 $11 )14. Qd3
g6 ( 14... Nf6 15. Ne5 $14 )15. b3 ( 15. Bc1 Nc4 $16 )15... Kg7 { Black king
safety dropped}  16. Bd2 Bf4 ( 16... Nc6 $5 $14 { might be a viable
alternative} )17. h3 Nf6 18. Ne5 Bxe5 ( 18... Bxd2 19. Nxd2 Bb7 20. Nxg6 $18
)19. dxe5 $18 ( 19. Rxe5 $6 Ne4 $16 )19... Ne4 20. Qe3 ( 20. Ng3 $5 $142 Nxd2
21. Nh5+ ( 21. Qxd2 $6 Ba6 $14 )21... Kh7 22. Qxd2 $18 )20... Nxd2 $16 21. Nxd2
Bb7 22. Qg3 ( 22. Rac1 Ba6 $16 )22... Qe7 ( 22... Rac8 $5 23. Nb1 Qe7 $11 )23.
Nf3 $16 f5 $2 ( 23... Rac8 24. Re3 $16 )24. Nd4 ( 24. exf6+ $142 { White has
the better game}  24... Qxf6 25. Re3 $18 )24... Rac8 $16 25. Rad1 Nc6 26. f4 (
26. Nb5 $5 $16)26... Nxd4 $11 27. Rxd4 Qc5 28. Re3 Qa3 29. Bd1 Kh7 ( 29... Qc1
30. c4 $14 )30. h4 ( 30. Ra4 Qe7 31. Rxa7 b5 $16 )30... Rg8 $2 ( 30... Rc7 31.
Re2 $14 )31. Qf2 ( 31. Ra4 $5 Qc1 32. Rxa7 Qxd1+ 33. Re1 $16 )31... Qc5 ( 31...
Qc1 32. Qe1 $11 )32. Rg3 Qe7 33. Rh3 Rc6 34. Rdd3 ( 34. Qd2 Rcc8 $14 )34... Rg7
35. Kh2 Rc7 36. Qg1 Qa3 37. Qf2 Ba6 ( 37... Qe7 38. Rd4 $14 )38. Rdg3 $14 h5 (
38... Qc1 39. Qd4 $14 )39. Rg5 { Praise the rook!}  ( 39. Qd2 Qa5 $16 )39...
Qc5 ( 39... d4 40. c4 $16 ( 40. cxd4 $143 Qc1 41. Bxh5 gxh5 $11 ))40. Qc2 ( 40.
Qd2 $5 $16 $142)40... d4 $11 { Black threatens to win material: d4xc3}  41. c4
{ Black has a new passed pawn: d4}  41... Bb7 ( 41... b5 $5 $11 $142 { should
not be overlooked} )42. Be2 Be4 43. Qd1 Rcd7 $2 ( 43... d3 $142 44. Bxd3 Qf2
$16 )44. Bxh5 $18 gxh5 ( 44... Qf8 { the last chance for counterplay}  45. Rhg3
Bc2 46. Qxc2 gxh5 $18 )45. Qxh5+ Kg8 46. Rhg3 ( 46. Qe8+ $142 { ends the
debate}  46... Qf8 47. Qxd7 $18 )46... Qf8 47. Qh6 ( 47. Rg6 $142 { secures the
win}  47... Rxg6 48. Rxg6+ Rg7 49. Rh6 Rxg2+ 50. Kh3 Qxh6 51. Qxh6 $18 )47...
Rxg5 48. Rxg5+ Rg7 49. Qxe6+ Qf7 50. Qxf7+ $4 { White lets it slip away}  ( 50.
Qc8+ Kh7 51. g4 fxg4 52. Qxg4 Rxg5 53. hxg5 $15 ( 53. Qxg5 $4 d3 54. e6 Qxe6
$19 ))50... Kxf7 $19 51. Rg3 $4 { White falls apart}  ( 51. Rxg7+ Kxg7 52. Kg3
$19 )51... d3 ( 51... d3 52. Rxd3 Bxd3 $19 ) 0-1

[Event "Modbury Championship"]
[Site "Modbury"]
[Date "2007.05.18"]
[Round "2.6"]
[White "Sanders, Michael J"]
[Black "De Jong, George"]
[Result "1-0"]
[Annotator "Fritz 10"]
[BlackElo "1261"]
[EventCountry "AUS"]
[EventDate "2007.06.02"]
[EventRounds "9"]
[EventType "swiss"]
[PlyCount "49"]
[WhiteElo "1236"]

{ C41: Philidor Defence } 1. Nf3 d6 2. Nc3 e5 3. d4 exd4 4. Nxd4 Nf6 5. Bf4 Be7
6. e4 Nbd7 ( 6... O-O 7. Be2 Re8 8. Qd2 Bf8 9. f3 Nc6 10. O-O-O Nxd4 11. Qxd4
Be6 12. g4 a6 13. Qf2 b5 14. Rhe1 c6 15. g5 Nd7 16. Bxd6 Qa5 17. a3 Bxd6 18.
Rxd6 b4 19. axb4 Qa1+ 20. Nb1 Ba2 21. Rxd7 { Reefat,B  ( 2472 ) -Sandipan,C  (
2561 ) /Dhaka 2004/CBM 100 ext/1-0  ( 31 )}  )7. Nf5 $146 { White threatens to
win material: Nf5xg7}  ( 7. Qd2 Nc5 8. f3 Ne6 9. O-O-O ( 9. Be3 Nxd4 10. Bxd4
O-O 11. O-O-O a6 12. Kb1 b5 13. Ne2 a5 14. Ng3 b4 15. Bc4 Be6 16. Bxe6 fxe6 17.
f4 c5 18. Be3 Ng4 19. Bg1 c4 20. h3 Nf6 21. Qe2 Qc7 22. f5 e5 23. Be3 a4 {
Emami,M  ( 2096 ) -Geisser,G  ( 1729 ) /Bad Zwesten 2002/CBM 086 ext/1/2-1/2} 
)9... Nh5 10. Be3 a6 11. g4 Nhf4 12. Kb1 Ng6 13. Nf5 Bf6 14. Nd5 Ne5 15. Be2
Bd7 16. f4 Nc6 17. g5 Be7 18. h4 g6 19. Nfxe7 Nxe7 20. Nf6+ Kf8 21. Qc3 Bc6 {
Buhaimou,S-Nakapunda,O/Moscow 1994/CBM 044 ext/1-0}  )7... O-O { Black castles
and improves king safety}  8. Nb5 ( 8. Qe2 $5 $14 { is noteworthy} )8... Ne5 (
8... Nc5 $5 $17)9. Nxe7+ $11 Qxe7 { White has the pair of bishops}  10. Bg5 h6
( 10... Re8 11. Nc3 c6 12. Qd4 $11 )11. Bxf6 gxf6 ( 11... Qxf6 12. Nxc7 Ng4 13.
f3 Qxb2 14. Nd5 $11 )12. Qh5 ( 12. Qd2 f5 13. Qxh6 fxe4 $16 )12... Kh7 ( 12...
d5 13. Qxh6 Qb4+ 14. Qd2 Qxb2 15. Qc3 Qxc3+ 16. Nxc3 dxe4 17. Nxe4 $11 )13. f4
{ White threatens to win material: f4xe5}  ( 13. Nc3 c6 14. f4 Ng6 $14 )13...
Ng6 $11 { Black threatens to win material: Ng6xf4}  14. Qf3 { Black king safety
improved}  ( 14. O-O-O Nxf4 15. Qf3 Ng6 $14 )14... a6 { Black threatens to win
material: a6xb5}  ( 14... Bf5 $1 { has some apparent merit}  15. Nc3 Bxe4 16.
Qxe4 Qxe4+ 17. Nxe4 Rfe8 $11 )15. Nc3 $14 Bd7 $2 ( 15... f5 $5 $142 16. O-O-O
fxe4 17. Nxe4 Bg4 18. Qxg4 f5 19. Ng5+ Qxg5 20. Qxg5 hxg5 21. fxg5 Ne5 $16 )16.
O-O-O Bc6 17. Bd3 ( 17. g4 $18 $142)17... b5 $2 ( 17... f5 $16 $142)18. h4 $18
Rg8 ( 18... Qd7 19. g4 $18 )19. h5 Nf8 ( 19... Nxf4 { a last effort to resist
the inevitable}  20. Qxf4 Qe5 $18 )20. e5+ Kh8 21. Qxc6 Nd7 ( 21... Ra7 { is
not much help}  22. exf6 Qd7 23. Qf3 $18 )22. Nd5 Qd8 ( 22... Qe6 { doesn't
improve anything}  23. Nxc7 Rac8 24. Nxe6 Rxc6 25. Nd4 $18 )23. Qxc7 ( 23. Nxc7
$142 { might be the shorter path}  23... Rc8 24. exd6 Nf8 $18 )23... fxe5 (
23... dxe5 { doesn't get the bull off the ice}  24. Bf5 Qxc7 25. Nxc7 $18 )24.
Qxd6 Rc8 25. Qxh6#  1-0

[Event "Modbury Championship"]
[Site "Modbury"]
[Date "2007.06.01"]
[Round "3.1"]
[White "Staak, Eric"]
[Black "Jelic, Mato"]
[Result "0-1"]
[Annotator "Fritz 10"]
[BlackElo "1707"]
[EventCountry "AUS"]
[EventDate "2007.06.02"]
[EventRounds "9"]
[EventType "swiss"]
[PlyCount "41"]
[WhiteElo "1461"]

{ B37: Sicilian: Maroczy Bind with 5...Bg7, sidelines } 1. e4 c5 2. Nf3 Nc6 3.
d4 cxd4 4. Nxd4 g6 5. c4 Nf6 6. Nc3 d6 7. Nc2 Bg7 8. Be2 O-O 9. Be3 Be6 10. Qd2
( 10. f3 Nd7 11. Qd2 Qa5 ( 11... Nc5 12. O-O a5 13. Rad1 a4 14. Nd4 Nxd4 15.
Bxd4 Bxd4+ 16. Qxd4 Qb6 17. Nd5 Bxd5 18. exd5 Nd7 19. f4 Qxd4+ 20. Rxd4 Nc5 21.
f5 Kg7 22. g4 g5 23. f6+ exf6 24. Kf2 f5 25. gxf5 Kf6 26. Bg4 {
Passell,S-Terrie,H  ( 2101 ) /Parsippany 2006/CBM 111 ext/0-1  ( 52 )}  )12.
Nd5 Bxd5 13. cxd5 Bxb2 14. dxc6 Bc3 15. cxd7 Rfd8 16. Rd1 Rxd7 17. O-O Bxd2 18.
Bxd2 Qc5+ 19. Ne3 d5 20. Kf2 dxe4 21. Bb4 Qc6 22. Rxd7 Qxd7 23. Rd1 Qa4 24.
Bxe7 exf3 { Derbenev,A  ( 2310 ) -Arakelov,I  ( 2417 ) /Voronezh 2005/CBM 106
ext/0-1  ( 46 )}  )10... Ne5 11. b3 { White has an active position}  11... Qa5
$146 ( 11... Nc6 12. f3 Qa5 13. a3 Nd7 14. b4 Qe5 15. Nb5 f5 16. Nbd4 fxe4 17.
g4 exf3 18. Nxf3 Qc3 19. Rd1 Bxg4 20. Rf1 Qxd2+ 21. Kxd2 Nde5 22. Nce1 Nxf3+
23. Bxf3 Ne5 24. Ke2 Bxf3+ 25. Nxf3 Nxc4 26. Bc1 {
Mecker,H-Wachweger,A/Wiesbaden 1993/GER/0-1  ( 55 )}  )12. f3 { Prevents
intrusion on g4}  12... Rfe8 13. O-O Nfd7 14. Bd4 a6 { Consolidates b5}  (
14... f6 15. f4 Nc6 16. f5 Nxd4 17. Nxd4 $16 )15. f4 Nc6 16. Bxg7 Kxg7 17. f5 (
17. Kh1 $5 $16 $142)17... gxf5 $11 18. exf5 Bxf5 { Black has a new passed pawn:
e7}  19. Qg5+ { White forks: f5+g7}  ( 19. b4 $5 { should be considered}  19...
Qe5 20. Rae1 Bxc2 21. Bg4 Qd4+ 22. Qxd4+ Nxd4 23. Bxd7 $11 )19... Bg6 $15 20.
Qxa5 Nxa5 21. Nd5  0-1

[Event "Modbury Championship"]
[Site "Modbury"]
[Date "2007.06.01"]
[Round "3.2"]
[White "Anderson-Smith, William"]
[Black "McPherson, Erick"]
[Result "1-0"]
[Annotator "Fritz 10"]
[BlackElo "1397"]
[EventCountry "AUS"]
[EventDate "2007.06.02"]
[EventRounds "9"]
[EventType "swiss"]
[PlyCount "105"]
[WhiteElo "1629"]

{ A56: Czech Benoni } 1. d4 Nf6 2. c4 c5 3. d5 d6 4. Nc3 g6 5. e4 e5 6. f4 Bg4
$146 ( 6... exf4 7. Bxf4 Nh5 8. Be3 ( 8. Bd2 Qh4+ 9. g3 Nxg3 10. Nf3 Qh5 11.
Rg1 Nxf1 12. Rxf1 Bh3 13. Rf2 Bg7 14. Qa4+ Nd7 15. O-O-O O-O 16. Nb5 Bg4 17.
Rff1 Bxf3 18. Rxf3 Ne5 19. Rb3 Qe2 20. Re1 Nd3+ 21. Rxd3 Qxd3 22. Re3 Bxb2+ {
Samer,A-Suhail,A  ( 2255 ) /Beirut 2000/CBM 075 ext/0-1}  )8... Bg7 9. Qd2 ( 9.
Be2 Bxc3+ 10. bxc3 Qh4+ 11. Kd2 Qxe4 12. Nf3 Bg4 13. Bd3 Bxf3 14. Qa4+ { 1-0
Lundin,E-Jansson,B/Gothenburg 1964/MCD}  )9... Nd7 10. Be2 Ne5 11. Bg5 Bf6 12.
Bxf6 Qxf6 13. O-O-O Bg4 14. Rf1 Qe7 15. Bxg4 Nxg4 16. Nf3 O-O 17. Rhg1 a6 18.
h3 Ne5 19. g4 Nf6 20. Qg5 h6 21. Qxh6 { Fridh,A-Arnstam,K/Karlskrona
1963/MCD/1/2-1/2  ( 52 )}  )( 6... Nbd7 7. Nf3 Qe7 8. Bd3 Bg7 9. O-O O-O 10. f5
gxf5 11. exf5 e4 12. Re1 Ne5 13. Nxe5 Qxe5 14. Nxe4 Qd4+ 15. Be3 Qxb2 16. Nxd6
Nd7 17. Rb1 Qxa2 18. Qg4 Ne5 19. Qg3 Kh8 20. f6 Bxf6 21. Bh6 {
Zadorozhniy,A-Serik,M  ( 2173 ) /Mariupol 2003/CBM 095 ext/0-1  ( 71 )}  )(
6... exf4 $5 { is an interesting alternative}  7. Bxf4 Nh5 $14 )7. Be2 Bxe2 8.
Qxe2 ( 8. Ngxe2 $5 Nbd7 $16 )8... Nbd7 $16 9. Nf3 Qe7 ( 9... exf4 10. Bxf4 Nh5
11. Bg5 $16 )10. O-O ( 10. Nb5 $5 O-O-O 11. Nxa7+ Kb8 12. fxe5 Nxe5 $18 )10...
a6 $16 11. fxe5 Nxe5 ( 11... dxe5 12. Be3 $16 )12. Bg5 ( 12. Nxe5 $5 Qxe5 13.
Qf3 Be7 $18 )12... h6 $16 13. Bxf6 ( 13. Bh4 g5 14. Nxe5 gxh4 $18 )13... Qxf6
14. Rad1 ( 14. Nxe5 $5 $142 Qxe5 15. Qf3 $16 )14... Bg7 $11 15. a3 Qd8 16. b4 (
16. Nxe5 Bxe5 17. Rd3 O-O $11 )16... b6 ( 16... cxb4 $5 $142 { is interesting} 
17. axb4 Qb6+ 18. Kh1 Qxb4 19. Nxe5 Bxe5 $15 )17. Nxe5 $14 Bxe5 { A sound move}
 18. Qf3 { White has a mate threat}  ( 18. Rd3 cxb4 19. axb4 Rc8 $11 )18... O-O
$11 19. Ne2 Kg7 { Black king safety dropped}  ( 19... Qg5 20. g3 $11 )20. Rd3 (
20. Nf4 Qf6 $11 )20... f5 ( 20... cxb4 $5 { must be considered}  21. axb4 Qc7
$15 )21. Nf4 $11 Bxf4 22. Qxf4 fxe4 23. Qxe4 Rxf1+ 24. Kxf1 Qf6+ ( 24... Qg5 $5
$11)25. Rf3 $16 Qa1+ 26. Kf2 Qb2+ 27. Kg3 Qe5+ 28. Qxe5+ dxe5 29. Kf2 ( 29.
bxc5 $5 bxc5 30. Rb3 $16 )29... cxb4 ( 29... Rc8 30. bxc5 Rxc5 31. d6 Rxc4 32.
Rd3 $11 )30. axb4 $16 a5 31. c5 { White threatens to win material: c5xb6}  (
31. bxa5 Rxa5 32. Ke3 Rc5 $16 )31... e4 $14 { Black threatens to win material:
e4xf3}  32. Ra3 ( 32. Re3 bxc5 33. bxc5 Rf8+ 34. Ke2 Rf5 $14 )32... bxc5 (
32... Rf8+ $5 $142 { deserves consideration}  33. Ke3 axb4 34. Ra7+ Kf6 $11
)33. bxc5 $16 ( { Not } 33. bxa5 Kf6 $11 )33... Kf6 34. Ke3 { White threatens
to win material: Ke3xe4}  ( 34. Ra1 a4 35. Ke3 a3 $16 )34... Ke5 $11 { Black
threatens to win material: Ke5xd5}  35. d6 { White has a new strong pawn: d6} 
35... Kd5 36. d7 Rd8 { Black threatens to win material: Rd8xd7}  37. Rxa5 Rxd7
38. c6+ Kxc6 39. Ra6+ { White skewers: g6}  39... Kd5 40. Rxg6 Rd6 $4 ( 40...
Ke5 41. Rxh6 Rd3+ 42. Ke2 $11 )41. Rg4 ( 41. Rxd6+ $142 { and White wins} 
41... Kxd6 42. Kxe4 $18 )41... Re6 42. Rh4 Rg6 43. g3 Re6 44. Rh5+ Kd6 45. Ra5
Ke7 46. Ra4 { White threatens to win material: Ra4xe4}  46... Kf6 47. Rxe4
Rxe4+ $4 ( 47... Ra6 $14 $142 { this is the best bet to save the position} )48.
Kxe4 $18 Kg5 49. h3 h5 ( 49... Kf6 { the last chance for counterplay}  50. h4
Kg6 $18 )50. Ke5 Kg6 51. h4 Kh7 52. Kf6 Kh6 53. Kf5  1-0

[Event "Modbury Championship"]
[Site "Modbury"]
[Date "2007.06.01"]
[Round "3.3"]
[White "Wynne, David"]
[Black "Maric, Milan"]
[Result "1/2-1/2"]
[Annotator "Fritz 10"]
[BlackElo "1354"]
[EventCountry "AUS"]
[EventDate "2007.06.02"]
[EventRounds "9"]
[EventType "swiss"]
[PlyCount "50"]
[WhiteElo "1444"]

{ C01: French: Exchange Variation } 1. e4 e6 2. d4 d5 3. exd5 exd5 4. Nf3 Be7 5.
Be2 $146 ( 5. Bf4 Nf6 6. Bd3 Bg4 7. h3 Bh5 8. g4 Bg6 9. Ne5 Bxd3 10. Qxd3 c6
11. Nd2 O-O 12. O-O-O Ne8 13. Qe3 Nd6 14. h4 Re8 15. h5 f6 16. Ng6 Bf8 17. Qg3
Nf7 18. Nxf8 Kxf8 19. Nf3 h6 { Kashtanov,R  ( 2250 ) -Borisenko,A  ( 2345 ) /St
Petersburg 1997/CBM 061 ext/1-0}  )( 5. Bd3 Bg4 ( 5... Nc6 6. h3 Nb4 7. Bb5+ c6
8. Ba4 b5 9. Bb3 Bf5 10. O-O a5 11. a4 Nf6 12. Nc3 Rb8 13. Bf4 Rb7 14. Re1 O-O
15. Ne5 Qb6 16. g4 Bc8 17. g5 Ne8 18. axb5 cxb5 19. Nxd5 Nxd5 20. Bxd5 {
Alvarez Diaz,V  ( 2179 ) -Lopez Reboso,H  ( 1452 ) / Santa Cruz de Tenerife
2002/CBM 086 ext/1-0  ( 50 )}  )6. Nbd2 ( 6. c3 Nc6 7. O-O Qd6 8. Re1 O-O-O 9.
b4 g5 10. Nbd2 h5 11. b5 Nb8 12. Qa4 Nh6 13. Qxa7 Rde8 14. c4 Bf6 15. Ba3 Qd8
16. cxd5 Bxf3 17. Nxf3 Qxd5 18. Rec1 g4 19. Bc4 Qd7 20. Ne5 Rxe5 { Chuah Jin,J 
( 2216 ) -Murillo,A  ( 2355 ) /Turin 2006/CBM 113/1-0}  )6... Nf6 7. Nf1 Nc6 8.
c3 O-O 9. Ng3 Re8 10. O-O Bd6 11. h3 Bxg3 12. hxg4 Bd6 13. Qc2 g6 14. g5 Nh5
15. g3 Qd7 16. Kg2 Rf8 17. Rh1 f5 18. Rh4 Qf7 19. Bd2 Rae8 { Miles,A  ( 2635 )
-Conquest,S  ( 2540 ) /Cienfuegos 1996/CBM 054/1-0  ( 51 )}  )( 5. Be3 Nf6 6.
Bd3 Bg4 7. Nbd2 Nbd7 8. c3 O-O 9. Qc2 Re8 10. Ng5 Nf8 11. f3 Bd6 12. Kf2 Bh5
13. Rae1 c6 14. g3 Qc7 15. Nf1 Re7 16. Bf5 Bg6 17. Re2 Rae8 18. Nd2 h6 19. Nh3
Nh5 { Becker,J-Bachl,A/Leimen 2001/CBM 082 ext/0-1  ( 45 )}  )5... Bg4 6. Nc3
c6 { Covers b5}  ( 6... Nf6 7. O-O $11 )7. Bf4 ( 7. Ne5 Bxe2 8. Nxe2 Bd6 $14
)7... Nf6 $11 8. Ne5 Bxe2 9. Nxe2 O-O { Black castles and improves king safety}
 10. O-O { White castles and improves king safety}  10... Nbd7 11. Ng3 { White
has an active position}  11... Re8 12. Re1 Nf8 { Black has a cramped position} 
13. Nh5 ( 13. Nf5 Ne6 14. Bg3 c5 $16 )13... g6 ( 13... Ne6 14. Be3 $11 )14.
Nxf6+ $14 Bxf6 15. Qf3 { White has an active position}  15... Ne6 { Black
threatens to win material: Ne6xd4}  16. Bh6 $4 { White is ruining his position}
 ( 16. Be3 Qe7 $14 )16... Qe7 ( 16... Nxd4 $142 { makes sure everything is
clear}  17. Qf4 Bxe5 18. Rxe5 Ne2+ 19. Rxe2 Rxe2 $19 )17. c3 $14 { Controls d4}
 17... Bg7 18. Bxg7 Nxg7 19. Re3 Nf5 ( 19... Qc7 20. Rae1 Nf5 21. R3e2 $14 )20.
Nxg6 { Discovered attack: e5, e3-e7}  20... Qf6 $2 ( 20... fxg6 21. Rxe7 {
Discovered attack}  )( 20... hxg6 21. Rxe7 { Discovered attack}  )21. Rxe8+ (
21. Ne5 $5 Qe6 22. Qg4+ Ng7 $18 )21... Rxe8 22. Nf4 ( 22. Ne5 $5 Kg7 23. Qg4+
Kh8 24. Re1 $18 )22... Re4 $16 23. Nh3 Qg6 24. Nf4 { White threatens to win
material: Nf4xg6}  24... Qg5 { Black threatens to win material: Qg5xf4}  (
24... Qf6 $5 $11 { must definitely be considered} )25. Nh3 Qg6  1/2-1/2